000 00679nam a22002177a 4500
999 _c20021
_d20021
003 AR-CdUCM
008 190401b ||||| |||| 00| 0 spa d
040 _aMUNICIPALIDAD PROVINCIAL DEL CUSCO
_cBIBLIOTECA MUNICIPAL DEL CUSCO
041 _hfre
082 _a800 /
_bV52
_22ed
100 _aVerne, Julio
_910153
245 _aViaje al Centro de la Tierra /
260 _aBuenos Aires :
_bSopena argentina ;
_c1945.
300 _a189 páginas ;
_c22 cm.
505 _aContenido: Novela.
650 _aNovela
_9572
650 _aLiteratura juvenil
_91580
700 _aCasado, Maria de las Mercedes (traducción)
_941876
942 _2ddc
_cLIBROS
945 _adavv
_d2019-05-24